000 00316nam a2200145Ia 4500
100 _aRadhakrishnan/ P.
942 _cBK
654 _aCad/Cam/Cim
245 _aCAD/CAM/CIM- 2nd ed
260 _bNEW AGE INTERNATIONAL
_aMumbai
_c2000
082 _a670.285
_bRAD
300 _a675
546 _aENGLISH
999 _c21771
_d21771